000 00625nam a2200217 a 4500
008
049 _aMAIN
090 _aHB71
_bFUS
100 1 _aFusfeld, Daniel Roland.
245 1 4 _aThe age of the economist /
_cDaniel R. Fusfeld.
260 _aGlenview, Ill. :
_bScott, Foresman,
_cc1966.
300 _axi, 201 p. ;
_c22 cm.
504 _aIncludes bibliographical references.
500 _aIncludes indexes.
650 0 _aEconomics
_xHistory.
907 _a.b10078770
_b16-08-11
_c23-06-03
003
005 20230123134324.0
040 _cNUST
942 _cBOOKS
_kHB71
_mFUS
999 _c163893
_d163893